01112nam a2200193Ia 4500001000900000003001000009008004100019040002500060041001300085100001200098245002900110250001100139260008900150300001200239500026200251501011400513520026200627650002900889L010-205IT-CnALBA170116s9999||||xx |||||||||||||| ||und|| aIT-CnALBAcIT-CnALBA aITALIANO aAA. VV. 0aIL LIBRO DELL'ANNO 1978  a1a ed. a NOVARAbDE AGOSTINI ISTITUTO GEOGR. c1977 [1° Ed.:1977 - Ed.Ling.Originale: 1977] a280 p.  aENCICLOPEDIA DI ATTUALITÀ. POLITICA INTERNAZIONALE. SISTEMI POLITICI. SVILUPPO. QUESTIONI MILITARI. ECONOMIA INTERNAZIONALE. COMMERCIO INDUSTRIA AGRICOLTURA. TECNOLOGIA INDUSTRIALE. ENERGIA. ECONOMIA ITALIANA. FISCO. TRASPORTI. GIUSTIZIA. LAVORO E SINDACA aSocietà San Paolo EM - Piazza San Paolo, 14 - 12051 ALBA (CN) (non commercial uses only) ® Copyright 2017 aENCICLOPEDIA DI ATTUALITÀ. POLITICA INTERNAZIONALE. SISTEMI POLITICI. SVILUPPO. QUESTIONI MILITARI. ECONOMIA INTERNAZIONALE. COMMERCIO INDUSTRIA AGRICOLTURA. TECNOLOGIA INDUSTRIALE. ENERGIA. ECONOMIA ITALIANA. FISCO. TRASPORTI. GIUSTIZIA. LAVORO E SINDACA aBIBLIOGRAFIE E CATALOGHI